7-letter geography - Statistics

General Stats
  • This quiz has been taken 28 times
  • The average score is 12 of 15
Answer Stats
Hint Answer % Correct
Capital of Thailand Bangkok
100%
Baltic country Estonia
92%
Country completely surrounded by South Africa Lesotho
92%
Canadian province and one of the Great Lakes Ontario
92%
French island where Napoleon was born Corsica
88%
Largest ocean Pacific
88%
Region, where Serbia, Greece and Croatia are located Balkans
85%
Tallest mountain in Greece Olympus
85%
Region that constitutes 77% of russian teritorry Siberia
85%
Germany's biggest river port Hamburg
77%
Capital city on Lake Victoria Kampala
69%
Longest river in Poland Vistula
69%
Region in North Africa Maghreb
65%
Grassland ecosystem such as the Serengeti Savanna
54%
Sea between Indonesia and Australia Arafura
23%
No matching quizzes found
Score Distribution
Percent of People with Each Score
Percentile by Number Answered
Your Score History
You have not taken this quiz